Statistics for Rapper's Real Name Quiz

Click here to take the quiz!

General Stats

  • This quiz has been taken 34,730 times
    (13,629 since last reset)
  • The average score is 10 of 22

Answer Stats

Birth Name Rap Name % Correct
Marshall MathersEminem
95%
Curtis Jackson50 Cent
86%
Shawn CarterJay-Z
75%
Sean CombsDiddy
72%
Christopher WallaceNotorious B.I.G.
66%
Dwayne Carter Jr.Lil Wayne
64%
O'Shea JacksonIce Cube
59%
Onika Tanya MarajNicki Minaj
57%
Cordozar Calvin BroadusSnoop Dogg
55%
Aubrey GrahamDrake
53%
Andre Romelle YoungDr. Dre
51%
Andre BenjaminAndre 3000
50%
Lesane Parish CrooksTupac Shakur
47%
Kimberly JonesLil' Kim
41%
Nasir Bin Olu Dara Jones Nas
36%
Robert Van WinkleVanilla Ice
33%
Christopher BridgesLudacris
24%
Amethyst Amelia KellyIggy Azalea
19%
James Todd SmithLL Cool J
18%
Ben HaggertyMacklemore
17%
Earl SimmonsDMX
15%
Ricky WaltersSlick Rick
10%

Score Distribution

Percentile by Number Answered

Percent of People with Each Score

Your Score History

You have not taken this quiz since the last reset